UMAR BIN AL KHITAB / (Record no. 37090)

MARC details
000 -LEADER
fixed length control field 00297nam a22001337a 4500
005 - DATE AND TIME OF LATEST TRANSACTION
control field 20250902134712.0
008 - FIXED-LENGTH DATA ELEMENTS--GENERAL INFORMATION
fixed length control field 250902b |||||||| |||| 00| 0 eng d
082 ## - DEWEY DECIMAL CLASSIFICATION NUMBER
Classification number 891.4
Item number ADR-U
100 ## - MAIN ENTRY--AUTHOR
Author Name M Adrees
245 ## - TITLE STATEMENT
Title UMAR BIN AL KHITAB /
650 ## - SUBJECT ADDED ENTRY--TOPICAL TERM
Subject / Department Urdu Litreature
952 ## - LOCATION AND ITEM INFORMATION (KOHA)
-- 0
-- 0
Holdings
Lost status Damaged status Collection code Permanent Location Current Location Shelving Location Date acquired Full Call Number Accession No./Barcode Date last seen item type Koha item type
    CS/IT Superior Information Resource Center (SIRC) Superior University- Gold Campus Superior Information Resource Center (SIRC) Superior University- Gold Campus Urdu Litreature 09/02/2025 891.4 ADR-U 2022 30391 09/02/2025 BOOK BOOK

Powered by Koha